Sklavereiähnliche verhältnisse: arbeistbedingungen von hausangestellten in Lateinamerika

Đã lưu trong:
Chi tiết về thư mục
Định dạng: Texto
Các nhãn: Thêm thẻ
Không có thẻ, Là người đầu tiên thẻ bản ghi này!

MARC

LEADER 00000 a a2200000 04500
001 48023
003
040
245 |a Sklavereiähnliche verhältnisse:   |b arbeistbedingungen von hausangestellten in Lateinamerika  
773 |g número1, (2014), páginas 46-48  
999 |c 26055  |d 26055